[Event "BCF-chT3S 1314 (4NCL)"]
[Site "England"]
[Date "2014.02.16"]
[Round "6.126"]
[White "Denton, John"]
[Black "Brown, Alan M"]
[Result "1-0"]
[WhiteElo "2021"]
[BlackElo "2093"]
[PlyCount "65"]
[EventDate "2013.11.16"]
[EventType "team-swiss"]
[EventRounds "6"]
[EventCountry "ENG"]
[SourceTitle "EXT 2015"]
[Source "ChessBase"]
[SourceDate "2014.11.20"]
[SourceVersion "1"]
[SourceVersionDate "2014.11.20"]
[SourceQuality "1"]
[WhiteTeam "e2e4.org.uk III"]
[BlackTeam "MK Phoenix"]
[WhiteTeamCountry "ENG"]
[BlackTeamCountry "ENG"]

1. d4 Nf6 2. Nf3 e6 3. c4 Bb4+ 4. Bd2 Qe7 5. g3 Nc6 6. Bg2 Bxd2+ 7. Nbxd2 d6 8. 0-0 0-0 9. e4 e5 10. d5 Nb8 11. b4 Bg4 12. Qc2 Bxf3 13. Bxf3 Nbd7 14. Rfc1 a5 15. a3 axb4 16. axb4 b6 17. Ra4 Rfb8 18. Rca1 Qd8 19. Qa2 Rxa4 20. Qxa4 Nf8 21. Bd1 Qd7 22. Qxd7 N8xd7 23. Ra7 Rc8 24. Ba4 Kf8 25. Bb5 Nb8 26. Ra8 Ke7 27. f3 Kd8 28. Kf2 c6 29. dxc6 Ne8 30. f4 f6 31. Ke3 Nc7 32. Ra7 Ne8 33. Rd7+ 1-0

[Event "BCF-chT3S 1314 (4NCL)"]
[Site "England"]
[Date "2013.11.17"]
[Round "3.89"]
[White "Denton, John"]
[Black "Millward, Kevin P"]
[Result "0-1"]
[WhiteElo "2040"]
[BlackElo "1984"]
[PlyCount "102"]
[EventDate "2013.11.16"]
[EventType "team-swiss"]
[EventRounds "6"]
[EventCountry "ENG"]
[SourceTitle "EXT 2015"]
[Source "ChessBase"]
[SourceDate "2014.11.20"]
[SourceVersion "1"]
[SourceVersionDate "2014.11.20"]
[SourceQuality "1"]
[WhiteTeam "e2e4.org.uk II"]
[BlackTeam "Fermented Sharks"]
[WhiteTeamCountry "ENG"]
[BlackTeamCountry "ENG"]

1. b3 e5 2. Bb2 Nc6 3. e3 d6 4. Nf3 Bg4 5. Be2 f5 6. h3 Bh5 7. g4 Bg6 8. d3 Be7 9. Nc3 Qd7 10. Qd2 Nf6 11. g5 Ng8 12. 0-0-0 Bf7 13. Rdg1 g6 14. d4 0-0-0 15. Bb5 a6 16. dxe5 axb5 17. Nxb5 Qe6 18. Nbd4 Qd5 19. e6 Bxe6 20. Nxe6 Qxe6 21. Bxh8 Nh6 22. Bb2 Nf7 23. h4 Nfe5 24. Nd4 Nxd4 25. Qxd4 Nf3 26. Qg7 Nxg1 27. Rxg1 Rf8 28. Qxh7 f4 29. exf4 Rxf4 30. Qh8+ Kd7 31. Bd4 Rf8 32. Qg7 Rf7 33. Qg8 Rf4 34. Qxe6+ Kxe6 35. Be3 Rxh4 36. Kd2 d5 37. Kd3 c5 38. c3 Kf5 39. a4 Rh5 40. a5 Rh8 41. Rb1 Rh4 42. Ra1 c4+ 43. Kc2 cxb3+ 44. Kxb3 Rc4 45. a6 bxa6 46. Rxa6 Re4 47. Ra5 Ke6 48. Kc2 Re5 49. Kd3 Re4 50. f4 Rc4 51. Bd4 Rc6 0-1

[Event "BCF-chT3S 1314 (4NCL)"]
[Site "England"]
[Date "2013.11.16"]
[Round "1.59"]
[White "Denton, John"]
[Black "Larter, Nick J"]
[Result "1/2-1/2"]
[WhiteElo "2049"]
[BlackElo "1773"]
[PlyCount "103"]
[EventDate "2013.11.16"]
[EventType "team-swiss"]
[EventRounds "6"]
[EventCountry "ENG"]
[SourceTitle "CBM 157 Extra"]
[Source "ChessBase"]
[SourceDate "2013.12.19"]
[SourceVersion "1"]
[SourceVersionDate "2013.12.19"]
[SourceQuality "1"]
[WhiteTeam "e2e4.org.uk II"]
[BlackTeam "Celtic Tigers II"]
[WhiteTeamCountry "ENG"]
[BlackTeamCountry "ENG"]

1. d4 e6 2. Nf3 f5 3. g3 Nf6 4. Bg2 Be7 5. 0-0 0-0 6. c4 Ne4 7. b3 b6 8. Bb2 Bb7 9. Ne1 Bf6 10. f3 Ng5 11. Nd2 c5 12. Nc2 Nc6 13. e3 Qe8 14. Rf2 Rd8 15. Qe2 Qg6 16. Nf1 h5 17. h4 Nf7 18. Rd1 Nh6 19. Ba3 d6 20. Qd3 e5 21. d5 e4 22. Qe2 Ne5 23. Ne1 exf3 24. Bxf3 Nhg4 25. Rg2 Rde8 26. Nd3 Nxd3 27. Qxd3 Bc8 28. Bc1 Re7 29. Bd2 Rfe8 30. Re1 Bd7 31. Bc3 Bxc3 32. Qxc3 Re5 33. Qd2 R8e7 34. Rge2 Nf6 35. Rg2 a6 36. a4 Qh6 37. Rh2 Qg6 38. Rg2 Qe8 39. Ree2 b5 40. axb5 axb5 41. Qa5 bxc4 42. bxc4 Qg6 43. Rb2 Ng4 44. Rb8+ Re8 45. Bxg4 fxg4 46. Rxe8+ Bxe8 47. Rb2 Rf5 48. Qd8 Qf7 49. Nd2 Re5 50. Nf1 Rf5 51. Nd2 Re5 52. Nf1 1/2-1/2

[Event "BCF-chT2d 1213 (4NCL) Demotion pool"]
[Site "England"]
[Date "2013.05.04"]
[Round "9.82"]
[White "Sanders, Isaac B"]
[Black "Denton, John"]
[Result "1-0"]
[WhiteElo "2132"]
[BlackElo "2069"]
[PlyCount "125"]
[EventDate "2012.11.03"]
[EventType "team-tourn"]
[EventRounds "4"]
[EventCountry "ENG"]
[SourceTitle "EXT 2014"]
[Source "ChessBase"]
[SourceDate "2013.11.20"]
[SourceVersion "1"]
[SourceVersionDate "2013.11.20"]
[SourceQuality "1"]
[WhiteTeam "Barbican Youth"]
[BlackTeam "e2e4.org.uk II"]
[WhiteTeamCountry "ENG"]
[BlackTeamCountry "ENG"]

1. e4 c6 2. d4 d5 3. Nc3 dxe4 4. Nxe4 Nd7 5. Bc4 Ngf6 6. Ng5 e6 7. Qe2 Nb6 8. Bd3 c5 9. dxc5 Bxc5 10. N1f3 Qc7 11. 0-0 0-0 12. c3 Nbd5 13. Ne5 h6 14. Ngf3 b6 15. Bd2 Bb7 16. a3 Bd6 17. c4 Ne7 18. Rfe1 Nc6 19. Rad1 Nxe5 20. Nxe5 Bxe5 21. Qxe5 Qxe5 22. Rxe5 Rfd8 23. Be1 Rac8 24. b3 Be4 25. Be2 Rxd1 26. Bxd1 Rd8 27. Be2 Bd3 28. Kf1 Ng4 29. Rh5 f5 30. Rh3 Bxe2+ 31. Kxe2 Kf7 32. Rc3 e5 33. f3 Nf6 34. Bd2 e4 35. f4 Ke6 36. a4 Kd6 37. b4 Kc6 38. Be3 Nd7 39. h3 a5 40. bxa5 bxa5 41. Rb3 Nc5 42. Bxc5 Kxc5 43. Rb5+ Kxc4 44. Rxa5 g6 45. Ra6 Rb8 46. Rxg6 Rb2+ 47. Ke3 Rb3+ 48. Kf2 Rb2+ 49. Kg3 Rb3+ 50. Kh4 e3 51. Rxh6 Kd5 52. Rh8 Rb4 53. Rd8+ Ke4 54. Kg5 Rxa4 55. Re8+ Kd3 56. Kxf5 Ra5+ 57. Kg4 Ke2 58. f5 Kf2 59. f6 Ra7 60. Kg5 e2 61. Kg6 Kxg2 62. Rxe2+ Kxh3 63. f7 1-0

[Event "BCF-chT2a 1213 (4NCL)"]
[Site "England"]
[Date "2013.01.13"]
[Round "4.32"]
[White "Mitchell, Martin"]
[Black "Denton, John"]
[Result "1-0"]
[WhiteElo "2213"]
[BlackElo "2069"]
[PlyCount "97"]
[EventDate "2012.11.03"]
[EventType "team-tourn"]
[EventRounds "7"]
[EventCountry "ENG"]
[SourceTitle "EXT 2014"]
[Source "ChessBase"]
[SourceDate "2013.11.20"]
[SourceVersion "1"]
[SourceVersionDate "2013.11.20"]
[SourceQuality "1"]
[WhiteTeam "Spirit of Atticus"]
[BlackTeam "e2e4.org.uk II"]
[WhiteTeamCountry "ENG"]
[BlackTeamCountry "ENG"]

1. d4 Nf6 2. c4 e6 3. Nc3 Bb4 4. Nf3 b6 5. Bg5 Bb7 6. e3 h6 7. Bh4 g5 8. Bg3 Ne4 9. Qc2 h5 10. Bd3 f5 11. h4 Bxc3+ 12. bxc3 Nxg3 13. fxg3 g4 14. Ng5 Qe7 15. 0-0 Nc6 16. e4 0-0-0 17. exf5 exf5 18. Rae1 Qg7 19. Rxf5 Rdf8 20. Ref1 Rxf5 21. Rxf5 Nd8 22. Qf2 Qe7 23. Nf7 Re8 24. Nxd8 Kxd8 25. Re5 Qg7 26. Rxh5 Rf8 27. Rf5 Rxf5 28. Qxf5 d6 29. h5 Qh6 30. Kh2 Bc8 31. Qg6 Qxg6 32. Bxg6 Ke7 33. h6 Kf6 34. h7 Kg7 35. c5 bxc5 36. dxc5 dxc5 37. Kg1 a5 38. a3 Bd7 39. Kf2 Be6 40. Ke3 Bd5 41. Be4 Be6 42. Kf4 Bd7 43. Bf5 Bc6 44. Kxg4 Bxg2 45. Kf4 Bd5 46. g4 Bc4 47. Ke5 Bb3 48. g5 Ba2 49. Bd3 1-0

[Event "BCF-chT2a 1213 (4NCL)"]
[Site "England"]
[Date "2012.11.04"]
[Round "2.34"]
[White "Morris, Gareth"]
[Black "Denton, John"]
[Result "1-0"]
[WhiteElo "2091"]
[BlackElo "2069"]
[PlyCount "53"]
[EventDate "2012.11.03"]
[EventType "team-tourn"]
[EventRounds "7"]
[EventCountry "ENG"]
[SourceTitle "EXT 2014"]
[Source "ChessBase"]
[SourceDate "2013.11.20"]
[SourceVersion "1"]
[SourceVersionDate "2013.11.20"]
[SourceQuality "1"]
[WhiteTeam "Rhyfelwyr Essyllwg"]
[BlackTeam "e2e4.org.uk II"]
[WhiteTeamCountry "ENG"]
[BlackTeamCountry "ENG"]

1. d4 Nf6 2. Nf3 e6 3. Bg5 d5 4. c4 c6 5. e3 Nbd7 6. a3 Be7 7. Nbd2 0-0 8. Bd3 b6 9. 0-0 Bb7 10. Rc1 c5 11. cxd5 exd5 12. h3 Re8 13. Bf4 c4 14. Bb1 b5 15. Ne5 Nb6 16. Qc2 g6 17. Bh6 a5 18. f4 Ne4 19. f5 g5 20. f6 Bxf6 21. Nxe4 dxe4 22. Qf2 Re6 23. Bxg5 Bxg5 24. Qxf7+ Kh8 25. Qxe6 Bxe3+ 26. Kh1 Bc8 27. Nf7+ 1-0

[Event "Leicester Atkins op"]
[Site "Leicester"]
[Date "2012.09.30"]
[Round "5"]
[White "Denton, John"]
[Black "Murphy, Hugh"]
[Result "1/2-1/2"]
[WhiteElo "2066"]
[BlackElo "2150"]
[PlyCount "84"]
[EventDate "2012.09.28"]
[EventType "swiss"]
[EventRounds "5"]
[EventCountry "ENG"]
[SourceTitle "CBM 150 Extra"]
[Source "ChessBase"]
[SourceDate "2012.10.19"]
[SourceVersion "1"]
[SourceVersionDate "2012.10.19"]
[SourceQuality "1"]

1. d4 d5 2. Nf3 Nf6 3. c4 e6 4. Nc3 Be7 5. cxd5 exd5 6. Bf4 c6 7. Qc2 Na6 8. a3 g6 9. e3 Bf5 10. Qb3 Qb6 11. Nd2 0-0 12. h3 Ne4 13. Qxb6 axb6 14. Ndxe4 Bxe4 15. f3 Bf5 16. h4 b5 17. g4 Be6 18. Be2 b4 19. axb4 Nxb4 20. Rxa8 Rxa8 21. Kd2 c5 22. dxc5 Bxc5 23. h5 d4 24. exd4 Bxd4 25. Bd6 Rd8 26. Bxb4 Bc5+ 27. Kc2 Bxb4 28. hxg6 hxg6 29. Ra1 Kg7 30. Ra4 Bc5 31. Bc4 Bc8 32. Ra1 Rd4 33. Bd5 Bb4 34. Rd1 Rxd1 35. Nxd1 f5 36. Kb3 Bd6 37. gxf5 gxf5 38. Kc4 Kf6 39. Nf2 Bf4 40. Nd3 Be3 41. b4 Ke7 42. Nc5 b6 1/2-1/2

[Event "BCF-chT3 1011 (4NCL)"]
[Site "England"]
[Date "2011.03.26"]
[Round "7.35"]
[White "Denton, John"]
[Black "Ross, David C"]
[Result "1-0"]
[WhiteElo "2062"]
[BlackElo "1842"]
[PlyCount "75"]
[EventDate "2010.11.06"]
[EventType "team-swiss"]
[EventRounds "9"]
[EventCountry "ENG"]
[SourceTitle "EXT 2012"]
[Source "ChessBase"]
[SourceDate "2011.11.24"]
[SourceVersion "1"]
[SourceVersionDate "2011.11.24"]
[SourceQuality "1"]
[WhiteTeam "e2e4.org.uk II"]
[BlackTeam "Braille Chess Association"]
[WhiteTeamCountry "ENG"]
[BlackTeamCountry "ENG"]

1. d4 c5 2. dxc5 Nc6 3. e4 Qa5+ 4. Nc3 Qxc5 5. Nf3 g6 6. Bd3 Bg7 7. 0-0 d6 8. Be3 Qa5 9. Bd2 Bg4 10. Nd5 Qd8 11. Be2 Bxf3 12. Bxf3 e6 13. Bc3 Ne5 14. Ne3 Qc7 15. Be2 Nf6 16. f4 Nc6 17. Qd3 0-0 18. Rad1 Rad8 19. Bf3 a6 20. g4 e5 21. f5 Nd4 22. g5 Nxf3+ 23. Rxf3 Nd7 24. f6 Nc5 25. Qc4 b5 26. Qd5 Bh8 27. Ng4 h5 28. gxh6 Kh7 29. Kh1 Qb7 30. Qxb7 Nxb7 31. Rfd3 a5 32. b4 a4 33. Rd5 Rc8 34. Rxb5 Rxc3 35. Rxb7 Rxc2 36. Rxd6 Rxa2 37. Rdd7 Bxf6 38. Rxf7+ 1-0

[Event "BCF-chT3 1011 (4NCL)"]
[Site "England"]
[Date "2011.01.15"]
[Round "3.38"]
[White "Denton, John"]
[Black "Bennett, Dominic"]
[Result "0-1"]
[WhiteElo "2062"]
[BlackElo "2011"]
[PlyCount "90"]
[EventDate "2010.11.06"]
[EventType "team-swiss"]
[EventRounds "9"]
[EventCountry "ENG"]
[SourceTitle "EXT 2012"]
[Source "ChessBase"]
[SourceDate "2011.11.24"]
[SourceVersion "1"]
[SourceVersionDate "2011.11.24"]
[SourceQuality "1"]
[WhiteTeam "e2e4.org.uk III"]
[BlackTeam "Bristol II"]
[WhiteTeamCountry "ENG"]
[BlackTeamCountry "ENG"]

1. Nf3 c5 2. c4 Nc6 3. Nc3 e5 4. d3 Nge7 5. g3 d6 6. Bg2 f5 7. 0-0 g6 8. a3 Bg7 9. Rb1 Be6 10. Bd2 h6 11. b4 Qd7 12. b5 Nd8 13. a4 g5 14. a5 Rb8 15. Ne1 f4 16. e3 0-0 17. Nd5 Nxd5 18. cxd5 Bh3 19. Qa4 b6 20. a6 Rf6 21. Bxh3 Qxh3 22. exf4 gxf4 23. Qe4 Nf7 24. Qg2 Qd7 25. h4 Nh8 26. Nf3 Qf7 27. Nh2 f3 28. Qh3 Qxd5 29. Ng4 Rf7 30. Bxh6 Rbf8 31. Ne3 Qa8 32. Bxg7 Rxg7 33. Qe6+ Kh7 34. Qxd6 Qc8 35. Qxe5 Qh3 36. Rfc1 Ng6 37. Qh5+ Kg8 38. Rc4 Nf4 39. Qxf3 Nxd3 40. Qd5+ Kh8 41. Rg4 Nxf2 42. Qh5+ Kg8 43. Rxg7+ Kxg7 44. Qg5+ Kh7 45. Rf1 Qh1# 0-1

[Event "BCF-chT3 1011 (4NCL)"]
[Site "England"]
[Date "2010.11.07"]
[Round "2.37"]
[White "Denton, John"]
[Black "Shields, Callum T"]
[Result "1-0"]
[WhiteElo "2062"]
[BlackElo "1434"]
[PlyCount "87"]
[EventDate "2010.11.06"]
[EventType "team-swiss"]
[EventRounds "9"]
[EventCountry "ENG"]
[SourceTitle "CBM 139 Extra"]
[Source "ChessBase"]
[SourceDate "2011.01.05"]
[SourceVersion "1"]
[SourceVersionDate "2011.01.05"]
[SourceQuality "1"]
[WhiteTeam "e2e4.org.uk II"]
[BlackTeam "FCA Solutions II"]
[WhiteTeamCountry "ENG"]
[BlackTeamCountry "ENG"]

1. d4 d5 2. Nf3 h6 3. c4 c6 4. Nc3 Bf5 5. cxd5 cxd5 6. Qb3 b6 7. Qxd5 Qxd5 8. Nxd5 Na6 9. e3 e6 10. Bb5+ Kd8 11. Bxa6 exd5 12. Bb7 Rb8 13. Bxd5 Be6 14. Bxe6 fxe6 15. Ne5 Ke8 16. Bd2 Rc8 17. Ke2 Bd6 18. Ng6 Rh7 19. e4 Kf7 20. Nh4 e5 21. Nf5 Ke6 22. Rac1 Rxc1 23. Rxc1 g6 24. d5+ Kd7 25. Nxd6 Kxd6 26. Rc6+ Kd7 27. Rxg6 Ne7 28. Rxh6 Rxh6 29. Bxh6 Ng8 30. Bg5 a5 31. a4 b5 32. axb5 a4 33. Kd3 a3 34. bxa3 Kd6 35. Kc4 Kd7 36. Kc5 Ke8 37. Kc6 Kf7 38. b6 Nf6 39. Bxf6 Kg6 40. b7 Kxf6 41. b8Q Kg5 42. Qxe5+ Kh4 43. f4 Kg4 44. Qg5# 1-0

[Event "BCF-chT2b 0910 (4NCL)"]
[Site "England"]
[Date "2010.02.20"]
[Round "5.5"]
[White "Denton, John"]
[Black "Franklin, Michael J"]
[Result "1-0"]
[WhiteElo "2146"]
[BlackElo "2190"]
[PlyCount "109"]
[EventDate "2009.10.24"]
[EventType "team-tourn"]
[EventRounds "11"]
[EventCountry "ENG"]
[SourceTitle "EXT 2010"]
[Source "ChessBase"]
[SourceDate "2010.11.25"]
[SourceVersion "1"]
[SourceVersionDate "2010.11.25"]
[SourceQuality "1"]
[WhiteTeam "e2e4.org.uk"]
[BlackTeam "Bristol"]
[WhiteTeamCountry "ENG"]
[BlackTeamCountry "ENG"]

1. d4 Nf6 2. Nf3 e6 3. g3 c5 4. c4 cxd4 5. Nxd4 a6 6. Bg2 Nc6 7. Nc3 Be7 8. 0-0 0-0 9. e4 Qc7 10. b3 d6 11. Bb2 Bd7 12. Rc1 Nxd4 13. Qxd4 Rfd8 14. Rfd1 Qa5 15. Qe3 Rac8 16. a4 Bc6 17. Nd5 exd5 18. exd5 Re8 19. dxc6 bxc6 20. Bc3 Qc7 21. b4 Qb8 22. Qd2 Nd7 23. Bh3 Rcd8 24. Re1 Ne5 25. Qe2 Bf6 26. Bg2 Nd7 27. Qb2 Ne5 28. Qe2 Nd7 29. Qd2 Ne5 30. Bb2 Qb6 31. a5 Qa7 32. h3 d5 33. cxd5 cxd5 34. Bxe5 Bxe5 35. Rc5 Kf8 36. Kf1 g6 37. Rxd5 Bf6 38. Rxe8+ Rxe8 39. Rd7 Bc3 40. Rxa7 Bxd2 41. Bd5 Re7 42. Rxe7 Kxe7 43. b5 Bxa5 44. bxa6 Bb6 45. g4 f6 46. Be4 Ke6 47. f4 Kd6 48. Ke2 Ba7 49. h4 Bb6 50. Kf3 Bg1 51. h5 f5 52. Bd3 fxg4+ 53. Kxg4 gxh5+ 54. Kxh5 Ke6 55. Bxh7 1-0

[Event "Southend op"]
[Site "London"]
[Date "1998.04.11"]
[Round "3"]
[White "Denton, John"]
[Black "Crouch, Colin S"]
[Result "0-1"]
[WhiteElo "2016"]
[BlackElo "2360"]
[PlyCount "80"]
[EventDate "1998.04.10"]
[EventType "swiss"]
[EventRounds "7"]
[EventCountry "ENG"]
[SourceTitle "EXT 2001"]
[Source "ChessBase"]
[SourceDate "2000.11.22"]
[SourceVersion "1"]
[SourceVersionDate "2000.11.22"]
[SourceQuality "1"]

1. d4 d5 2. Nf3 Nf6 3. c4 c6 4. Nc3 dxc4 5. a4 Bf5 6. e3 e6 7. Bxc4 Bb4 8. 0-0 0-0 9. Qe2 Nbd7 10. e4 Bg6 11. Bd3 Bh5 12. e5 Nd5 13. Ne4 c5 14. Bg5 Qa5 15. Ng3 Bg6 16. Bb5 Nb8 17. h4 h6 18. h5 Bh7 19. Be3 a6 20. Bc4 cxd4 21. Bxd4 Nc6 22. Rfd1 Rfd8 23. Ne4 Nb6 24. Nd6 Bxd6 25. Bxb6 Qxb6 26. exd6 Qc5 27. b4 Qxb4 28. d7 Qe7 29. Ne5 Nxe5 30. Qxe5 Rxd7 31. Rxd7 Qxd7 32. Ra3 Rd8 33. Rg3 Qd4 34. Rxg7+ Kh8 35. Rg5+ Qxe5 36. Rxe5 Rd1+ 37. Kh2 Rc1 38. Rc5 Kg7 39. Rc8 Rc2 40. Kg3 Bd3 0-1

[Event "BCF-chT 9697 (4NCL)"]
[Site "England"]
[Date "1996.11.24"]
[Round "4.7"]
[White "Denton, John"]
[Black "Haydon, Richard"]
[Result "0-1"]
[WhiteElo "2008"]
[BlackElo "2220"]
[PlyCount "70"]
[EventDate "1996.10.??"]
[EventType "team"]
[EventRounds "12"]
[EventCountry "ENG"]
[SourceTitle "EXT 1999"]
[Source "ChessBase"]
[SourceDate "1998.11.16"]
[SourceVersion "1"]
[SourceVersionDate "1998.11.16"]
[SourceQuality "1"]
[WhiteTeam "Hertford"]
[BlackTeam "Witney"]
[WhiteTeamCountry "ENG"]
[BlackTeamCountry "ENG"]

1. d4 d6 2. Nf3 Bg4 3. Bf4 Nd7 4. Nbd2 Ngf6 5. h3 Bh5 6. c3 e6 7. Qb3 Qc8 8. e4 Be7 9. Bd3 0-0 10. 0-0 Re8 11. Be3 Nf8 12. g4 Bg6 13. Nh4 e5 14. Nf5 Ne6 15. f4 Nxf4 16. Bxf4 exf4 17. Bc4 c6 18. e5 dxe5 19. Rae1 b5 20. Bd3 Nd7 21. Rxf4 Nc5 22. Nxe7+ Rxe7 23. dxc5 Bxd3 24. Rf3 Bg6 25. Rfe3 Qc7 26. Nf3 Rae8 27. Nh4 e4 28. Qd1 Rd8 29. Qe2 Red7 30. Nxg6 hxg6 31. Qg2 Rd2 32. R3e2 Rxe2 33. Qxe2 Qg3+ 34. Kh1 Qxh3+ 35. Kg1 Rd3 0-1